| 000 | 00423nam a22001457a 4500 | ||
|---|---|---|---|
| 008 | 230329b |||||||| |||| 00| 0 eng d | ||
| 020 | _a9780415350716. | ||
| 050 | _aB3279.H49 R495 2012. | ||
| 100 |
_aRichardson,John _952271 |
||
| 245 |
_aHeidegger; _cJohn Richardson. |
||
| 260 |
_aNwe York: _bRoutledge, _c2012. |
||
| 300 |
_ax; _b406p, _c22cm. |
||
| 650 |
_aHeidegger,Martin _y1889-1976. _952272 |
||
| 942 |
_2lcc _cMONOGRAPH |
||
| 999 |
_c131717 _d131717 |
||